000 00379nam a2200157Ia 4500
008 230524s9999 xx 000 0 und d
082 _a621.381
_bSIN
100 _aB.P.Singh
_95207
245 0 _aDigital Electronics
250 _a1ST
260 _aNEW DELHI
_bDhanpat Rai & Co.
_c1998
300 _a13-69
500 _aQuantity Number: 1
650 _aElectronics
942 _cBK
999 _c7556
_d7556